000
00242nam a2200097Ia 4500
008
220204s9999 xx 000 0 und d
082
_a
91(031)
_b
ELS
245
0
_a
Encyclopedia of world geography
260
_a
London
_b
Octopus
_c
1974
942
_c
BK
999
_c
23233
_d
23233